Procurement 20/20 : supply entrepreneurship in a changing world /

Bibliographic Details
Other Authors: Spiller, Peter, 1972-
Format: eBook
Language:English
Published: Hoboken, New Jersey : Wiley, 2014.
Subjects:
Online Access:Click to View
LEADER 01687nam a2200421 i 4500
001 EBC1563652
003 MiAaPQ
005 20200520144314.0
006 m o d |
007 cr cnu||||||||
008 131209s2014 njua o 001 0 eng d
020 |z 9781118800089 
020 |a 9781118800478  |q (electronic bk.) 
020 |a 9781118800706  |q (electronic bk.) 
035 |a (MiAaPQ)EBC1563652 
035 |a (Au-PeEL)EBL1563652 
035 |a (CaPaEBR)ebr10809695 
035 |a (CaONFJC)MIL545368 
035 |a (OCoLC)861120017 
040 |a MiAaPQ  |b eng  |e rda  |e pn  |c MiAaPQ  |d MiAaPQ 
050 4 |a HD39.5  |b .P763 2014 
082 0 |a 658.7/2  |2 23 
245 0 0 |a Procurement 20/20 :  |b supply entrepreneurship in a changing world /  |c Peter Spiller [and three others]. 
264 1 |a Hoboken, New Jersey :  |b Wiley,  |c 2014. 
264 4 |c 2014 
300 |a 1 online resource (193 pages) :  |b illustrations (some color) 
336 |a text  |2 rdacontent 
337 |a computer  |2 rdamedia 
338 |a online resource  |2 rdacarrier 
500 |a Includes index. 
588 |a Description based on print version record. 
590 |a Electronic reproduction. Ann Arbor, MI : ProQuest, 2015. Available via World Wide Web. Access may be limited to ProQuest affiliated libraries. 
650 0 |a Industrial procurement. 
655 4 |a Electronic books. 
700 1 |a Spiller, Peter,  |d 1972- 
776 0 8 |i Print version:  |t Procurement 20/20 : supply entrepreneurship in a changing world.  |d Hoboken, New Jersey : Wiley, c2014   |h xvi, 171 pages   |z 9781118800089   |w 2013038860 
797 2 |a ProQuest (Firm) 
856 4 0 |u https://ebookcentral.proquest.com/lib/matrademy/detail.action?docID=1563652  |z Click to View